000 00337pab a2200145 454500
008 180718b1988 xxu||||| |||| 00| 0 eng d
100 _aSchuck, Peter H.
245 _aThe new ideology of tort law
260 _c1988
300 _a93-109
362 _aSummer
650 _aTorts - U.S.A.
773 _aPublic Interest
909 _a19339
999 _c19339
_d19339